The early universe (Record no. 10314)

MARC details
000 -LEADER
fixed length control field 00587nam a2200193Ia 4500
003 - CONTROL NUMBER IDENTIFIER
control field IN-BaIIA
008 - FIXED-LENGTH DATA ELEMENTS--GENERAL INFORMATION
fixed length control field 211028s9999 xx 000 0 eng d
020 ## - INTERNATIONAL STANDARD BOOK NUMBER
International Standard Book Number 3-540-16187-2
040 ## - CATALOGING SOURCE
Transcribing agency IIA Library
080 ## - UNIVERSAL DECIMAL CLASSIFICATION NUMBER
Universal Decimal Classification number 524.8
Item number BOR
100 ## - MAIN ENTRY--PERSONAL NAME
Personal name Borner, G.
9 (RLIN) 7727
245 #4 - TITLE STATEMENT
Title The early universe
Remainder of title facts and fiction
Statement of responsibility, etc. G. Borner
260 ## - PUBLICATION, DISTRIBUTION, ETC.
Place of publication, distribution, etc. Berlin
Name of publisher, distributor, etc. Springer-Verlag
Date of publication, distribution, etc. 1988
300 ## - PHYSICAL DESCRIPTION
Extent xiv, 439p.
490 ## - SERIES STATEMENT
Series statement Texts and monographs in physics
650 ## - SUBJECT ADDED ENTRY--TOPICAL TERM
Topical term or geographic name entry element Astronomy and astrophysics thesaurus
650 ## - SUBJECT ADDED ENTRY--TOPICAL TERM
Topical term or geographic name entry element Universe
9 (RLIN) 1987
942 ## - ADDED ENTRY ELEMENTS (KOHA)
Koha item type Books
Holdings
Withdrawn status Lost status Damaged status Not for loan Home library Current library Shelving location Date acquired Cost, normal purchase price Total Checkouts Full call number Barcode Date last seen Cost, replacement price Price effective from Koha item type Purchase Price
        IIA Library-Bangalore IIA Library-Bangalore General Stacks 31/01/1992 2225.00   524.8/ BOR 11224 05/11/2021 2225.00 31/01/1992 Books Rs. 2225.00

Powered by Koha